| 000 | 00472pab a2200169 454500 | ||
|---|---|---|---|
| 008 | 180718b2012 xxu||||| |||| 00| 0 eng d | ||
| 100 | _aBajpai, B.K. | ||
| 245 | _aManagement of rural sanitation programme in Uttar Pradesh | ||
| 260 | _c2012 | ||
| 300 | _ap.119-133. | ||
| 362 | _aApr-Jun | ||
| 650 | _aSanitation - India - Uttar Pradesh | ||
| 650 | _aSanitation | ||
| 773 | _aIASSI Quarterly: Contributions to Indian Social Science | ||
| 908 | _aN | ||
| 909 | _a99717 | ||
| 999 |
_c99716 _d99716 |
||